000
00320nam a22001217a 4500
040
_c
HS
082
_a
338
100
_a
បូរ៉ា ធីកា
245
_a
សេដ្ឋកិច្ចអភិវឌ្ឍន៍ជនបទ
260
_a
RUA
_b
បូរ៉ា ធីកា
_c
2011
300
_a
111p;
942
_c
KB
999
_c
9698
_d
9698